[Event "Match 70__120'/40"]
[Site "Zürich"]
[Date "2022.??.??"]
[Round "28"]
[White "CXG Sphinx Legend"]
[Black "CXG Sphinx 40 most agg"]
[Result "1-0"]
[WhiteElo "1816"]
[BlackElo "1780"]
[Annotator "Utzinger,K"]
[PlyCount "78"]
[EventDate "2022.??.??"]

{[%evp 0,78,18,-12,-23,-23,-23,-21,-19,-19,1,1,5,-6,-11,-26,-24,-8,-8,-9,0,-32,
-26,-26,-26,-20,-28,-34,-10,-20,-9,-36,-46,-46,0,-48,12,15,15,19,31,17,17,0,17,
8,14,16,42,4,-1,7,7,-394,-372,-29993,-44,-55,-3,-7,3,6,3,19,26,2,6,-1,95,44,
122,122,198,240,931,991,1184,1183,29987,29990,29991]} 1. c4 e5 {Match 120'/40
| Bediener: Rolf Bühler | 28. Partie: Weiss (Sphinx Legend) gewinnt |
Zwischenstand: 14,0-14,0 (je 50%) unentschieden | Im Englischen
Vierspringerspiel befindet sich die Stellung nach 25 Zügen im Gleichgewicht.
Mit seiner gut gemeinten Kombination 26.Sd5? greift die Sphinx Legend aber
völlig daneben und müsste wenigstens eine Figur verlieren, will Weiss einen
plötzlich auftauchenden vierzügigen Mattangriff von Schwarz verhindern. Aber
selbst einen Zug später (27.Sxb6?) ist die Sphinx Legend noch mit Blindheit
beschlagen und könnte nach 27...Lh3 das Matt in 3 Zügen nicht verhindern.
Aber oh Schreck, die Sphinx 40 bemerkt diesen Mattangriff nicht und so ergibt
sich wieder eine ausgeglichene Stellung. Damit ist die Dramatik dieser Partie
noch nicht erschöpft. Denn mit 36...g6? schwächt die "Unergründliche" die
Königsstellung massiv. Und die Sphinx Legend packt ihre Chance, indem sie
durch das nicht annehmbare Bauernopfer 37.e6! die Diagonale a1-h8 des
dunkelfarbigen Läufers öffnet und einen tödlichen Königsangriff
ermöglicht. Gegen diesen Angriff findet Schwarz nicht die beste Verteidigung
und geht in wenigen Zügen in einem Mattangriff unter.} 2. Nc3 Nf6 3. Nf3 Nc6
4. e3 Be7 5. d4 exd4 6. Nxd4 O-O 7. Bd3 {***ENDE BUCH***} Ne5 {***ENDE BUCH***}
8. Be2 d5 9. cxd5 Nxd5 10. Qb3 Nb4 11. O-O c5 12. Nf3 Be6 13. Qa4 Qb8 {Ein
mysteriöses, wenn auch nicht fehlerhaftes Manöver der "Unergründlichen".}
14. Nxe5 Qxe5 15. a3 Nd5 $11 {Diese Stellung ist völlig ausgeglichen.} 16. Bd2
Rfd8 17. Rfd1 Bd6 {Droht ...Dxh2+} 18. g3 Bd7 19. Qb3 Nb6 20. Bf3 Rab8 21. Be1
c4 22. Qc2 Bf5 23. e4 Bd7 24. Rd2 Bc5 25. Rad1 Qf6 $11 {[#]} 26. Nd5 $2 {
Die Sphinx Legend begeht einen schlimmen taktischen Fehler ... und wird dafür
nicht bestraft. Allerdings wären bis zum Matt 10 Halbzüge zu berechnen, was
die Sphinx Legend natürlich nicht schafft.} Qxf3 27. Nxb6 $2 {[%mdl 32768]
Nun hätten aber die Alarmglocken läuten sollen, denn Weiss wird in vier (4)
Zügen mattgesetzt, wobei das sofortige Matt nur nur durch erzwungene
Schlagzüge hinausgeschoben werden kann. Nur unter Figurenverlust mit 27.Se3
oder 27.Sf4 war das Matt zu verhindern.} Bxb6 $2 {Aber auch die
"Unergründliche" schläft, indem sie den Mattangriff 27...Lh3 übersieht.} (
27... Bh3 28. Rxd8+ Bf8 29. Rxf8+ Rxf8 30. Nxc4 Qg2#) 28. Rxd7 Rxd7 29. Rxd7
Qg4 $11 {Die Stellung befindet sich wieder im Gleichgewicht.} 30. Re7 Qg5 31.
Bb4 Qf6 32. e5 Qf3 33. Qd2 Rf8 $6 {Ein sinnloses Manöver. Sowohl ...h6 als
auch ...h5 wahrten das Gleichgewicht.} 34. Bc3 {[#]} g6 $2 {Das schwächt
entscheidend die schwarze Königsstellung. Man beachte die schöne Diagonale
c3 bis h8 des Lc3.} 35. e6 $1 {Völlig richtig, die Öffnung der tödlichen
Diagonale. Anscheinend hat die Sphinx Legend jetzt Blut gerochen. Die Partie
ist bereits verloren für Schwarz, denn seinen f-Bauern darf Schwarz nicht
bewegen.} a6 (35... f6 $1 {Diese zähe Verteidigung hätte die beiden
Programme völlig überfordert.} 36. Bd4 $1 {droht Dh6 nebst Matt auf g7 oder
h7 und nach der Abwehr} Bxd4 (36... g5 37. Bxb6 axb6 38. Qd7 {hat Weiss eine
Gewinnstellung} Qh5 39. Rg7+ Kh8 40. h3 $1 Qh6 (40... Ra8 41. Qe7 Qh6 42. Rf7
Rg8 43. Qd6 Qg6 44. Qd4 $18) (40... Qxh3 41. Qe7 Ra8 42. Qxf6 $18) 41. Rf7 Rxf7
42. Qxf7 Qg7 43. Qd7 $18 {und Schwarz ist gegen e6-e7-e8 machtlos.}) 37. Qxd4
Qd3 38. Qf4 g5 39. Qg4 Rd8 40. Rxb7 a6 41. Rd7 Rxd7 42. exd7 Kf7 43. d8=Q Qxd8
44. Qxc4+ Kg6 45. Qxa6 $18 {und die zwei weissen verbundenen Mehrbauern
sichern den Sieg.}) (35... f5 $2 36. Rg7+ Kh8 37. Rxg6+ Qxc3 38. Qxc3+ Bd4 39.
Qxd4+ Rf6 40. Qxf6#) 36. Rd7 (36. Qh6 $4 {scheitert natürlich an} Qxf2+ 37.
Kh1 Qf1#) 36... Bc5 (36... f6 {ist nun hoffnungslos} 37. e7 Re8 38. Rd6 $1
Qxf2+ {auch alles andere verliert} 39. Qxf2 Bxf2+ 40. Kxf2 Rxe7 41. Rxf6 $18)
37. e7 Bxe7 38. Rxe7 Qh5 (38... Qd3 39. Qh6 $18) 39. Qd4 {Weiss hat Mattangriff
} Qd1+ {***AUFGEGEBEN***} 1-0

[Event "Match 70__120'/40"]
[Site "Zürich"]
[Date "2022.??.??"]
[Round "29"]
[White "CXG Sphinx 40 most agg"]
[Black "CXG Sphinx Legend"]
[Result "0-1"]
[WhiteElo "1780"]
[BlackElo "1816"]
[Annotator "Utzinger,K"]
[PlyCount "109"]
[EventDate "2022.??.??"]

{[%evp 0,109,28,9,94,66,77,73,71,71,44,36,43,48,48,-15,-9,-12,-1,-16,6,6,7,3,
-2,-5,27,0,14,8,-12,-28,-22,-22,-34,-19,39,-10,-28,-64,-46,-72,-71,-82,-83,
-111,-92,-255,-80,-112,-132,-131,-85,-102,-111,-146,-40,-97,-81,-131,-158,-363,
-487,-487,-491,-494,-494,-516,-523,-523,-547,-549,-556,-576,-537,-647,-648,
-796,-532,-570,-596,-715,-521,-554,-576,-611,-556,-554,-570,-660,-653,-698,
-588,-794,-833,-833,-868,-909,-909,-905,-816,-1018,-1018,-1018,-1018,-1039,
-1069,-1088,-1112,-2081,-2237,-2237]} 1. e4 g6 {Match 120'/40 | Bediener: Rolf
Bühler | 29. Partie: Schwarz (Sphinx Legend) gewinnt | Zwischenstand: 15,0-14,
0 (51,7%) für Sphinx Legend | Weiss (Sphinx 40) vermag gegen die Moderne
Verteidigung 1.e4 g6 in der Eröffnung keinen Vorteil erreichen. Und infolge
zu passiven Verhaltens, muss Weiss gar dem Gegner etwas Vorteil überlassen.
Als die Stellung nach 24 Zügen taktisch anspruchsvoll wird, schleichen sich
beidseitige Ungenauigkeiten ein, aber die entscheidenden Fehler begeht die
"Unergründliche", so dass die Sphinx Legend einen verdienten Sieg einfährt
und wieder in Führung geht.} 2. d4 d6 3. Nf3 Bg7 {***ENDE BUCH***} 4. Bc4 Nf6
5. Qe2 {***ENDE BUCH***} Nc6 6. d5 $6 {Ein unüblicher Vorstoss, der vor allem
die Stärke des weissen Angriffsläufers mindert und in einer offenen
Eröffnung die Stellung abschliesst.} Na5 7. Bb5+ c6 8. dxc6 Nxc6 $11 {Schwarz
hat mindestens ausgeglichen.} 9. O-O a6 {Diese Anrempelung ist unnötig und
nur Zeitverlust. Weshalb nicht einfach kurz rochieren. Falls Weiss dann auf c6
tauschen sollte, hätte Schwarz ein Tempo gewonnen.} 10. Bxc6+ bxc6 11. e5 {
Gerade noch rechtzeitig, bevor Schwarz zu ...Sf6-d7 kommt und diesen Vorstoss
unterbindet.} dxe5 12. Nxe5 Bb7 {Noch ist unklar, auf welcher Diagonale dieser
Läufer am ehesten gebraucht wird. Und da die schwarze Dame so oder so mit
Tf1-d1 bald vertrieben wird, scheint 12...Dc7 den Vorzug zu verdienen.} 13. Rd1
Qc7 14. Nd2 Rd8 15. Ndf3 (15. Ndc4 {war mindestens ebenso gut.}) 15... Rxd1+
16. Qxd1 O-O 17. Qe2 Qb6 {Das wäre mit dem Springer auf c4 nicht möglich
gewesen.} 18. Rb1 {Zu passiv statt 18.b3 oder 18.Sc4.} c5 19. Be3 Qe6 20. a3 (
20. Bxc5 $2 {verliert eine Figur nach} Nd7) 20... Ne4 (20... Nd5 {ist stärker}
) 21. Nd3 Qd5 22. Bf4 Rd8 {In den folgenden Zügen sind beide Programme
taktisch überfordert.} 23. Nde5 $2 {Verlustzug anstelle von 23.h4 -/+.[#]} f6
$2 {verpasst den mit ...g5 möglichen Gewinn, weil der weisse Springer auf e5
unsicher steht:} (23... g5 24. Bg3 Bxe5 25. Bxe5 (25. Nxe5 {rettet die Figur
nicht} Nc3 26. Qf1 {behebt das Matt auf g2} Nxb1 $19 {mit Turmplus}) 25... g4
$19 {mit Figurengewinn, da der angegriffene Springer den Le5 decken muss.} 26.
Bc7 gxf3 27. Qxf3 Ng5 28. Qxd5 Rxd5 $19) 24. Ng4 $6 {Wesentlich weniger
ungünstig war 24.Sc4 mit nur leichtem Vorteil für Weiss.} Qa2 (24... e5 $1
25. Bg3 Qa2 $17 {ist noch stärker}) 25. Qe1 Rd7 26. Nh6+ $6 (26. h4 {hält
den Schaden in Grenzen}) 26... Kf8 27. Rd1 Nd6 $2 {Vermasselt seine
Gewinnstellung.} (27... Rxd1 28. Qxd1 Ke8 29. Qc1 e5 30. Be3 f5 $19 {und wegen
der Drohung ...f4 gefolgt von ...Lxh6 gewinnt Schwarz}) 28. Qc3 $2 {Stürzt
sich wieder ins Elend, statt mit De2 oder Sg4 aufatmen zu können.} e5 (28...
Ke8 $1 $19 {mit der Drohung ...Sb5 war noch stärker.}) 29. Qxc5 $2 {Danach
ist es endgültig aus. Nach 29.Lc1 konnte Weiss noch kämpfen.} exf4 30. Nf5 {
Das kann man nur noch unter dem Titel "pure Verzweiflung" einordnen.} gxf5 31.
Rxd6 Ke8 32. Ne1 (32. Rxd7 $4 {scheitert am Matt durch} Qa1+ 33. Rd1 Qxd1+ 34.
Ne1 Qxe1#) 32... Bf8 {Das gewinnt entscheidend Material.} 33. Rxd7 {Noch am
besten, was zeigt, wie aussichtlos die weisse Stellung ist. Den Rest darf man
ohne schlechtes Gewissen unkommentiert lassen.} Bxc5 34. Rxb7 Qb1 35. Kf1 Bxa3
36. Rxh7 Bxb2 37. Rh8+ Kd7 38. Rb8 Qa1 39. Ke2 Bc3 40. Nf3 Qh1 41. Rb7+ Kc6 42.
Rb8 Be5 43. Rg8 a5 44. h3 Qb1 45. Rc8+ Kd6 46. Ne1 a4 47. Rd8+ Ke7 48. Rd3 Qc1
49. Rd1 f3+ 50. Nxf3 Qxc2+ 51. Rd2 Qe4+ 52. Kd1 a3 53. Nxe5 fxe5 54. Kc1 Qe1+
55. Kc2 {***AUFGEGEBEN***} 0-1

[Event "Match 70__120'/40"]
[Site "Zürich"]
[Date "2022.??.??"]
[Round "30"]
[White "CXG Sphinx Legend"]
[Black "CXG Sphinx 40 most agg"]
[Result "1-0"]
[WhiteElo "1816"]
[BlackElo "1780"]
[Annotator "Utzinger,K"]
[PlyCount "138"]
[EventDate "2022.??.??"]

{[%evp 0,138,19,38,43,18,28,25,16,32,24,30,46,37,25,16,16,6,6,-36,-57,-57,-57,
-38,-40,-60,-57,-57,-32,-32,-31,-42,-4,-4,11,-54,-2,-9,-17,-39,-7,-7,103,81,97,
107,92,114,98,109,109,88,99,74,92,84,93,99,133,119,131,111,144,157,169,159,160,
169,207,218,229,182,161,149,146,174,167,170,163,136,183,182,164,137,184,177,
182,155,205,204,212,206,225,229,231,237,249,221,237,246,241,269,269,286,299,
304,318,338,364,351,349,390,428,385,385,382,380,404,462,485,714,756,797,813,
1079,1150,1292,1385,1539,1767,29971,29972,29973,29974,29975,29976,29975,29976,
29979,29980,29981]} 1. e4 e6 {Match 120'/40 | Bediener: Rolf Bühler | 30.
Partie: Weiss (Sphinx Legend) gewinnt | Zwischenstand: 16,0-14,0 (53,3%) für
Sphinx Legend | Nach Ende ihrer Eröffnungsbücher behandeln beide Programme
die Französische Verteidigung, Winawer-Variante, nicht optimal. So hätte
Schwarz mit der richtigen Abwicklung im 12. Zug einen Bauern erobern können.
Nachdem Schwarz davon keinen Gebrauch macht, wählt er mit 20...Sxe5? eine
für ihn materiell ungünstige und verlustträchtige Abtauschkombination.
Schon riecht alles nach einem Sieg für Weiss, doch gibt die Sphinx Legend dem
Gegner im Endspiel unnötigerweise wieder reale Chancen auf ein Remis. Als die
CXG Sphinx 40 most agg jedoch die Bildung eines Freibauern verpasst, erhält
er keine zweite Chance mehr und geht verdientermassen unter.} 2. d4 d5 3. Nc3
Bb4 4. e5 c5 5. a3 Bxc3+ 6. bxc3 Ne7 {***ENDE BUCH***} 7. a4 {***ENDE BUCH***}
Qa5 8. Bd2 O-O (8... Nbc6 {ist die natürliche und stärkere Fortsetzung.}) 9.
c4 Qc7 10. cxd5 exd5 {In diesem Stellungstyp wird üblicherweise mit dem
Springer geschlagen. Der ungedeckte d5-Bauer wird dauernd eine Schwäche
bleiben.} 11. c3 (11. f4 {was das Zentrum stützt, ist folgerichtiger.}) 11...
Nbc6 12. Be3 {[#]} Nf5 $2 {Hier hat Schwarz eine deutlich stärkere
Fortsetzung, die den weissen Aufbau völlig in Frage stellt.} (12... cxd4 13.
cxd4 Bf5 14. Rc1 Qa5+ 15. Bd2 Qb6 16. Nf3 Rac8 {und Weiss kann Bauernverlust
schon nicht mehr verhindern} 17. Be2 Nxd4 $17) 13. Nf3 cxd4 14. cxd4 Nxe3 15.
fxe3 Qa5+ 16. Qd2 Qxd2+ 17. Nxd2 {Jeder menschliche Spieler hätte mit dem
König geschlagen, da der König im Hinblick auf das Endspiel besser steht auf
d2. Ferner wären die Türme nach Entwicklung des Lf1 bereits verbunden. Und
schliesslich schützt der König auf d2 auch das Feld c2.} Bg4 $6 {Sowohl 17...
Lf5 als auch 17...Sb4 entsprechen dem Geist der Stellung besser.} 18. Rb1 Rab8
{Etwas gar passiv. Mit 18...Sa5 oder 18...f6 hatte Schwarz zwei interessante
Fortsetzungen zu Verfügung. Zur Not kam natürlich auch 18...b6 noch in Frage.
} 19. Rb5 {Geht vor Beendigung seiner Entwicklung auf Bauernraub aus, was
selten gut ist.} (19. Be2 $1 {Entwicklung mit Tempo verdient jedenfalls den
Vorzug.} Bxe2 20. Kxe2 f6 $1 21. exf6 Rxf6 $11 {ausgeglichen}) 19... Rfc8 {
Erstaunlich, dass die Sphinx 40 weder mit 19...Le6 oder 19...Se7 den
angegriffenen d5-Bauern deckt.} 20. Be2 {Aber ebenso erstaunlich, dass die
Sphinx Legend den Bauern nicht schlägt.} (20. Rxd5 Ne7 21. Rc5 Rxc5 22. dxc5
Rc8 23. Ne4 Ng6 $11) {[#]} 20... Nxe5 $2 {Die Einleitung zu einer Abwicklung,
welche die "Unergründliche" falsch einschätzt.} 21. dxe5 Rc1+ 22. Kf2 Rxh1
23. Bxg4 Rxh2 24. Rxd5 $16 {Der Rauch hat sich verzogen, Zeit um Bilanz zu
ziehen. Zwar hat Weiss mit 2 Leichtfiguren gegen Turm+Bauer lediglich einen
geringen materiellen Vorteil, aber die weissen Figuren sind weit aktiver als
die gegnerischen.} Rh6 25. Ne4 Rc6 26. Bd7 $6 {Gegenüber 26.Td7 +- eine
Ungenauigkeit mit einem Bewertungsunterschied von mindestens 4.00, ohne
allerdings den Gewinn zu verscherzen.} (26. Rd7 Ra6 27. Nd6 Rxa4 28. Bd1 Ra2+
29. Kf3 Rb2 30. Be2 Rc2 31. Bd3) 26... Rc4 27. Nd6 Rc2+ 28. Kf3 b6 29. e6 $1 {
Leitet das Ende ein.} fxe6 30. Bxe6+ Kh8 31. Nf7+ Kg8 32. Ng5+ Kh8 33. Nxh7 {
Holt noch einen Bauern ab.} a6 (33... Kxh7 34. Rh5+) 34. Ng5 Rf8+ {[#]} 35. Bf5
$2 {Ein unglücklicher Fehler, der die totale weisse Gewinnstellung fast
ruiniert.} (35. Kg3 $1 $18) 35... g6 36. Rd8 Rxd8 37. Bxc2 Rd5 {Jetzt ist der
Gewinn plötzlich nicht mehr so einfach.} 38. Ne6 Rd6 $2 {Nach diesem Fehler
ist Schwarz verloren. Er hätte mit 38...b5! sofort auf einen Freibauern
setzen sollen und der weisse Gewinn wäre alles andere als klar.} 39. Nd4 $1 {
Damit ist der Vorstoss ...b6-b5 und die Bildung eines schwarzen Freibauern
verhindert und das gibt den Ausschlag.} Rf6+ 40. Ke2 Kg7 41. Bb3 g5 42. Ne6+
Kg6 43. Nc7 {Verhindert erneut ...b6-b5 und zwingt den schwarzen a-Bauer nach
a5, wonach ...b5 endgültig ausgeträumt ist.} a5 44. Nd5 Rd6 45. e4 Rd8 46.
Bc4 Re8 47. Kf3 Rf8+ 48. Kg4 Rf2 49. g3 Rd2 50. Bb5 Rd4 51. Kf3 Kf7 52. Nxb6 {
Noch ein Bauer. Den Rest erledigt die CXG Sphinx Legend ohne Probleme.} Rd8 53.
Nc4 Ra8 54. Kg4 Kf6 55. e5+ Kg6 56. Bc6 Rb8 (56... Ra7 57. Nd6 Ra6 58. Be8+ Kh7
59. Kxg5 $18) 57. Nxa5 Rb4+ 58. Kf3 g4+ 59. Ke3 Kf5 60. Bd7+ Kg5 (60... Kxe5
61. Nc6+ Kd6 62. Nxb4 $18) 61. e6 Rb1 62. Nc6 Kf6 63. e7 Re1+ 64. Kf4 Rxe7 65.
Nxe7 Kxe7 66. Bxg4 Kd6 67. Be2 Kc6 68. a5 Kc5 69. g4 Kc6 {***AUFGEGEBEN***} 1-0